| 000 | 00591nam a2200193Ia 4500 | ||
|---|---|---|---|
| 003 | GCL | ||
| 008 | 140319s9999 xx 000 0 ara d | ||
| 040 |
_aGCL / _cGCL |
||
| 082 | 0 | 4 |
_a891.7 _bا س |
| 100 | 1 | _aامين العيوطى | |
| 245 | 1 | 0 |
_aالسبعة الذين شنقوا / _cامين العيوطى |
| 700 | 1 | _aاندرييف, ليونيد | |
| 300 | _a204 ص | ||
| 490 |
_aروايات الهلال _v0 |
||
| 650 | 0 | 4 | _aالادب الروسى |
| 650 | 0 | 4 | _aالقصص الروسية المترجمة |
| 650 | 0 | 4 | _aالادب الروسى المترجم |
| 942 |
_2ddc _cBK |
||
| 999 |
_c47004 _d47004 |
||